000 00583nam a2200229Ia 4500
003 OSt
005 20220924145616.0
006 a|||||r|||| 00| 0
007 ta
008 220923b |||||||| |||| 00| 0 tel d
024 _a329546
037 _cTextual
040 _aARTS
_cARTS
_btel
041 _2tel
_atel
082 _aO15,1w, 35J6
100 _aSeshagirira O. Au.
_9220175
245 0 _aSamskrutama hakabulu
260 _c1956
650 _aSANSKRIT LITERATURE
942 _hO15,1w, 35J6
_cTEXL
_2CC
999 _c460642
_d460642